Click the U.S. State on a Borderless Map - Statistics

General Stats
  • This quiz has been taken 8,765 times
  • The average score is 35 of 50
Answers on the Map
Answers color-coded by a green-red scale on the quiz's map according to % correct below.
 
Answer Stats
Answer % Correct
Texas
80%
Alaska
79%
California
79%
Florida
79%
Hawaii
79%
Washington
78%
Maine
77%
Michigan
75%
Oregon
75%
Arizona
74%
Nevada
74%
New York
74%
North Dakota
74%
Louisiana
73%
Montana
73%
New Hampshire
73%
New Mexico
73%
Connecticut
72%
Georgia
72%
Rhode Island
72%
South Dakota
72%
Vermont
72%
North Carolina
71%
Maryland
70%
Minnesota
70%
South Carolina
70%
Illinois
69%
Ohio
69%
Oklahoma
69%
Pennsylvania
69%
Virginia
69%
Alabama
68%
New Jersey
68%
Wisconsin
68%
Delaware
67%
Idaho
67%
Indiana
67%
Tennessee
67%
Massachusetts
66%
Mississippi
66%
Utah
66%
Colorado
65%
Kansas
65%
Iowa
64%
Kentucky
64%
West Virginia
64%
Wyoming
64%
Arkansas
62%
Missouri
61%
Nebraska
60%
No matching quizzes found
Score Distribution
Percent of People with Each Score
Percentile by Number Answered
Your Score History
You have not taken this quiz